| 000 | 00844cam a2200217 4500 | ||
|---|---|---|---|
| 001 | ABS66203 | ||
| 008 | 021217n2002 000 0 eng u | ||
| 035 | _a(Sirsi) u120813 | ||
| 100 | _aPearson, A | ||
| 245 | _aAre you ready for prefab? | ||
| 260 | _c2002 | ||
| 490 |
_aHousing Today _v (310) 21 November 2002, 26-29(4) |
||
| 520 | _aUses case studies to warn of pitfalls to social landlords who may be thinking of using off-site manufactured housing, especially as the government is willing to fund such schemes. Urges careful overview of varying types of construction, choice of supplier, management contract, and planning. | ||
| 590 | _aABS | ||
| 650 | _aPREFABRICATION | ||
| 650 | _aOFF-SITE CONSTRUCTION | ||
| 650 | _aCASE STUDIES | ||
| 690 | _aBUILT ENVIRONMENT-CONSTRUCTION DESIGN | ||
| 700 | _aChatterjee, M | ||
| 942 | _n0 | ||
| 999 |
_c71793 _d71793 |
||